Matematik statistik mekanik STPM

Bibliographic Details
Format: Book
Published: Petaling Jaya : Longman , 1994
Subjects:

MARC

LEADER 00000cam a2200000 7i4500
001 0000006140
002 000006630
005 20000330.0
020 |a 9679769976 
090 0 0 |a 510   |b MAT 
245 0 0 |a Matematik statistik mekanik STPM   |c Soon Chin Loong,Khor Mooi Hong,Lau Too Kya dan Tong Swe Foong 
260 |a Petaling Jaya :   |b Longman ,   |c 1994 
300 |a 521p. ;   |c 23cm. 
650 0 0 |a Mathematics   |x STPM 
999 |a 038322   |b BUKU   |c RUJUKAN   |e PERPUSTAKAAN KOMUNITI PETALING JAYA 
999 |a 038323   |b BUKU   |c RUJUKAN   |e PERPUSTAKAAN KOMUNITI PETALING JAYA